| 000 | 00609nam a2200205Ia 4500 | ||
|---|---|---|---|
| 008 | 220216s9999 xx 000 0 und d | ||
| 100 | _aAnantharaman M R | ||
| 245 | 0 | _aInvestigation on cure characteristics and magnetic properties of rubber ferric composites | |
| 260 |
_bPlastics, Rubber and Composites Processing and Applications _c1998 |
||
| 300 | _a77-81 | ||
| 650 | _aRubber ferrite composites | ||
| 700 | _aChinnasamy C N | ||
| 700 | _aJagatheesan S | ||
| 700 | _aKurian P K | ||
| 700 | _aMalini K A | ||
| 700 | _aNarayanasamy A | ||
| 700 | _aSindhu S | ||
| 700 | _aVasudevan | ||
| 942 | _cJS | ||
| 999 |
_c61636 _d61636 |
||